Handbook of hydraulic resistance / (Record no. 32640)

000 -LEADER
fixed length control field 01222cam a2200337 a 4500
001 - CONTROL NUMBER
control field 4396355
003 - CONTROL NUMBER IDENTIFIER
control field OSt
005 - DATE AND TIME OF LATEST TRANSACTION
control field 20211001112215.0
008 - FIXED-LENGTH DATA ELEMENTS--GENERAL INFORMATION
fixed length control field 920710s1994 flua b 001 0 eng
010 ## - LIBRARY OF CONGRESS CONTROL NUMBER
LC control number 92027383
020 ## - INTERNATIONAL STANDARD BOOK NUMBER
International Standard Book Number 8179921182
038 ## - RECORD CONTENT LICENSOR
Staff Name khadija
040 ## - CATALOGING SOURCE
Original cataloging agency DLC
Transcribing agency DLC
Modifying agency DLC
041 1# - LANGUAGE CODE
Language code of text/sound track or separate title eng
Language code of original rus
050 00 - LIBRARY OF CONGRESS CALL NUMBER
Classification number TA357
Item number .I3413 1994
082 00 - DEWEY DECIMAL CLASSIFICATION NUMBER
Classification number 620.1064
Edition number 20
Author Mark HAN
100 1# - MAIN ENTRY--PERSONAL NAME
Personal name Idelʼchik, I. E.
9 (RLIN) 82902
240 10 - UNIFORM TITLE
Uniform title Spravochnik po gidravlicheskim soprotivlenii︠a︡m.
Language of a work English
245 10 - TITLE STATEMENT
Title Handbook of hydraulic resistance /
Statement of responsibility, etc. I.E. Idelchik ; editor, M.O. Steinberg ; translated by Greta R. Malyavskaya ; translation editor, Oleg G. Martynenko.
250 ## - EDITION STATEMENT
Edition statement 3rd ed.
260 ## - PUBLICATION, DISTRIBUTION, ETC.
Place of publication, distribution, etc. Boca Raton, FL :
Name of publisher, distributor, etc. CRC Press,
Date of publication, distribution, etc. c1994.
300 ## - PHYSICAL DESCRIPTION
Extent 790 p. :
Other physical details ill. ;
Dimensions 26 cm.
504 ## - BIBLIOGRAPHY, ETC. NOTE
Bibliography, etc. note Includes bibliographical references and index.
563 ## - BINDING INFORMATION
Binding note hardcover
650 #0 - SUBJECT ADDED ENTRY--TOPICAL TERM
Topical term or geographic name entry element Fluid dynamics.
9 (RLIN) 1384
650 #0 - SUBJECT ADDED ENTRY--TOPICAL TERM
Topical term or geographic name entry element Frictional resistance (Hydrodynamics)
9 (RLIN) 35931
700 1# - ADDED ENTRY--PERSONAL NAME
Personal name Steinberg, M. O.
9 (RLIN) 82903
906 ## - LOCAL DATA ELEMENT F, LDF (RLIN)
a 7
b cbc
c orignew
d 1
e ocip
f 19
g y-gencatlg
942 ## - ADDED ENTRY ELEMENTS (KOHA)
Source of classification or shelving scheme
Koha item type Book
Holdings
Withdrawn status Lost status Source of classification or shelving scheme Damaged status Not for loan Permanent Location Current Location Shelving location Date acquired Full call number Barcode Date last seen Price effective from Koha item type Public note
          School of Mechanical & Manufacturing Engineering (SMME) School of Mechanical & Manufacturing Engineering (SMME) General Stacks 10/09/2015 620.1064 HAN SMME-1527 03/29/2018 10/09/2015 Book Rack,43-Shelf,4
© 2023 Central Library, National University of Sciences and Technology. All Rights Reserved.